000 00716nam a2200217Ii 4500
003 JO-AjNU
008 230605s9999||||xx |||||||||||||| ||und||
017 _a2009/1/97
040 _aJO-AjNU
_bara
_erda
_cJO-AjNU
041 _aara
050 1 4 _aHD62.7.T3922.2009
100 3 _aيوسف،توفيق عبدالرحيم,
_eauthor
_928674
245 0 0 _aادارة الاعمال التجارية الصغيرة
250 _aط1
264 3 1 _aعمان:دار صفاء للنشر والتوزيع،2009
300 _a319ص
336 _atext
_btxt
_2rdacontent
337 _aunmediated
_bn
_2rdamedia
338 _avolume
_bnc
_2rdacarrier
650 4 _aادارة الاعمال-ادارة المشاريع
_928675
999 _aA11151
_c14719
_d14719